Теорія та практика реалізації права на компроміс у кримінальному процесі України (Запис № 574012)

МАРК-запис
000 -Лідер
fixed length control field 04373nam a22002537a 4500
001 - Контрольний номер
control field 216223582
003 - Ідентифікатор контрольного номера
control field UA-OsUOA
005 - Дата та час останнього входження (трансакції)
control field 20230323115818.0
008 - Елементи даних фіксованої довжини – загальна інформація
fixed length control field 230323b un ||||| |||| 00| 0 ukr d
040 ## - Джерело каталогізації
Агенція оригінальної каталогізації UA-OsUOA
Мова каталогізації ukr
Агенція, яка здійснювала перезапис UA-OsUOA
Агенція, яка здійснювала модифікацію UA-OsUOA
041 ## - Код мови
Код мови тексту/ звукової доріжки чи окремого заголовка (П) ukr
080 ## - Індекс Універсальної десяткової класифікації
Індекс Універсальної десяткової класифікації (УДК) (НП) 343.13
090 ## - Локальний шифр розміщення
Класифікаційний індекс УДК 343.13
095 ## - Код спеціальності для авторефератів
Код спеціальності 12.00.09
Назва спеціальності кримінальний процес та криміналістика; судова експертиза; оперативно-розшукова діяльність
100 ## - Основне введення – ім’я особи
Ім’я особи (НП) Сіроткіна М. В.
245 ## - Відомості про назву
Назва (НП) Теорія та практика реалізації права на компроміс у кримінальному процесі України
Дані про відповідальність (НП) Сіроткіна Марія Вячеславівна; наук. керівник Удалова Лариса Давидівна
260 ## - Публікація, розповсюдження і т.п. (Вихідні дані)
Місце публікації, розповсюдження і т.п. (П) Київ
Дата публікації, розповсюдження і т.п. (П) 2021
300 ## - Фізичний опис
Обсяг 37 с.
502 ## - Примітка про дисертацію
Зв'язок Автореферат дисертації на здобуття наукового ступеня доктора юридичних наук<br/>
Наймення інституції, що представляється Національна академія внутрішніх справ
Рік отримання вченого ступеня 2021
520 ## - Резюме і т.п.
Резюме, реферат, анотація, тощо (НП) Дисертація є першим в Україні комплексним дослідженням теоретичних і правових основ реалізації права на компроміс у кримінальному процесі, в якому обґрунтовується низка концептуальних для теорії й практики понять, положень, висновків і пропозицій. Визначено основні міжнародно-правові принципи реалізації права на компроміс у кримінальному провадженні та процесуальні гарантії реалізації цього права.<br/>Розкрито суть правового конфлікту та обґрунтовано, що кримінально-правовий конфлікт є первинним по відношенню до кримінально-процесуального. Виокремлено ознаки кримінально-процесуального конфлікту та запропоновано його визначення.<br/>Розроблено визначення кримінально-процесуального компромісу та права на компроміс у кримінальному процесі. Доведено, що формами реалізації права на компроміс у кримінальному провадженні є: звільнення від кримінальної відповідальності у зв’язку з примиренням винного з потерпілим, угоди про примирення та про визнання винуватості, медіація. Обґрунтовано, що в України запроваджено прагматичний тип кримінального процесу.<br/>Визначено, що інститут угоди у кримінальному судочинстві можна розглядати з різних позицій, однак, в основі угоди як про примирення, так і про визнання винуватості лежить компроміс. Запропоновано авторське визначення згоди про визнання винуватості та угоди про примирення.<br/>Розкрито процедуру імплементації інституту медіації у кримінальне судочинство як одного з перспективних напрямів реалізації права на компроміс сторонами кримінально-правового конфлікту. Аргументовано, що звільнення від кримінальної відповідальності не суперечить засаді презумпції невинуватості та міжнародним стандартам прав людини.
650 ## - Додаткове предметне введення – тематичний термін
Джерело заголовка чи терміна UDC
Тематичний термін чи географічна назва, як елемент введення (НП) 343 Кримінальне право. Карні порушення
942 ## - Додаткові елементи входу (Коха)
Source of classification or shelving scheme Universal Decimal Classification
Тип елемента Koha Автореферат
955 ## - Код типу видання за змістом
Код типу видання за змістом (НП) Наукові видання

Немає доступних примірників.